000 00633nam a22001937a 4500
005 20250613110133.0
010 _aENG-117517 ENG-145343
020 _a9788123765976
_c305.00
035 _aEN-101049
035 _aEN-128875
037 _bDBAD/PUB
082 _a070.92
100 _aChhabra, Rami
_981973
245 _aBreaking ground :
_cby Rami Chhabra
_bjourney into the media and... out /
260 _aNew Delhi
_bNational Book Trust
_c2012
270 _aNehru Bhawan, 5 Institutional Area Phase-II Vasant Kunj
_bNew Delhi
_e110070
300 _axvi,469p.:
_b24cm(pbk)
_cill
942 _2ddc
_cEN
_h070.92
_mCHH
999 _c138320
_d138320